000 00598nam a2200169Ia 4500
008 090201s9999 xx 000 0 und d
010 _aKPL-40448
040 _bमराठी
041 _aमराठी
082 _a26834
_b40448
100 _aसुमति क्षेत्रमाडे
245 _aसत्यप्रिय गांधारी
_cसुमति क्षेत्रमाडे
260 _c2004
_bसन पब्लिकेशन्स
300 _a427
_bमोठा
600 _aसत्यप्रिय गांधारी
942 _cBOOK
999 _c225873
_d225873